000 00242nam a22000977a 4500
008 160510b xxu||||| |||| 00| 0 eng d
041 _aeng
080 _a61
245 _aArt of advocacy preparation of the case:
_cDavid B. Baum;
942 _2udc
_cBK
999 _c1980
_d1980